| 000 | 00369nam a2200145Ia 4500 | ||
|---|---|---|---|
| 008 | 220214s9999 xx 000 0 und d | ||
| 100 | _aGstirner F | ||
| 245 | 0 | _aGel-structure of the hydrous emulsifying ointment | |
| 260 |
_bArchiv der Pharmazie _c1969 |
||
| 300 | _a340-353 | ||
| 650 | _aGel-structure | ||
| 700 | _aKottenberg D | ||
| 700 | _aMaas A | ||
| 942 | _cRE | ||
| 999 |
_c45587 _d45587 |
||